| 000 | 00577nam a22002177a 4500 | ||
|---|---|---|---|
| 999 |
_c10212 _d10212 |
||
| 001 | 10212 | ||
| 003 | OSt | ||
| 005 | 20180520130545.0 | ||
| 008 | 180421b1956 ii ||||| |||| 00| 0 eng d | ||
| 035 | _a(BD-JhCC)10212 | ||
| 040 |
_aBD-JhCC _dBD-JhCC |
||
| 041 | _aeng | ||
| 082 |
_a342.547 _bISL 1956 |
||
| 100 | _aIslam, A. | ||
| 245 |
_aThe Constitution of the Islamic Republic of Pakistan with Appendices and Index / _cA. Islam |
||
| 260 |
_aIndia : _c1956. |
||
| 300 |
_a337 p. : _c24 cm. |
||
| 650 |
_aConstitutions low _zPakistan |
||
| 942 |
_2ddc _cBK |
||